1 masque = 1 film (Horreur) - Statistiques

Statistiques générales
  • Ce quiz a été pris 387 fois
  • Le résultat moyen est 6 sur 12
Statistiques - réponses
Par images Réponse % Correct
Scream
96%
Halloween
84%
Le Silence des agneaux
84%
Vendredi 13
82%
Massacre à la tronçonneuse
64%
Saw
59%
American Nightmare 2
48%
The Boy
18%
Shining
15%
The Strangers
14%
La Maison de cire
13%
You're Next
8%
Aucun quiz correspondant
Distribution des résultats
% des personnes avec chaque résultat
Percentile par nombre de réponses
Votre historique - résultats
Vous n’avez pas pris ce quiz